| 000 | 00768cam a2200181 i 4500 | ||
|---|---|---|---|
| 020 | _a0233966978 : | ||
| 082 | 0 | 0 |
_a923.55 _bONO _cL-30II, P-6 |
| 100 | 1 |
_aOnoda, Hiroo. _948900 |
|
| 245 | 1 | 0 |
_aNo surrender : _bmy thirty-year war / _cHiroo Onoda ; translated [from the Japanese] by Charles S. Terry. |
| 260 |
_aLondon : _bDeutsch, _c1975, c1974. |
||
| 300 |
_a219 p., [8] p. of plates : _bill., map (on lining paper), ports. ; _c23 cm. |
||
| 500 | _aTranslation of Waga Rubantō no sanjūnen sensō. | ||
| 526 |
_a0 _b0 _c0 _d923_550000000000000_ONO |
||
| 650 | 0 |
_aWorld War, 1939-1945 _xArmistices. _948901 |
|
| 650 | 0 |
_aWorld War, 1939-1945 _xPersonal narratives, Japanese. _948902 |
|
| 650 | 0 |
_aWorld War, 1939-1945 _zPhilippines _zLubang Island. _948903 |
|
| 942 |
_2ddc _cBK |
||
| 999 |
_c551853 _d551853 |
||